000 00298nam a22001337a 4500
008 181010b xxu||||| |||| 00| 0 eng d
020 _a0300025955
041 _aeng
080 _a320
100 _a21
101 _aSHP
245 _aEurope between the Super-Powers
_cPorte,A.W
942 _2udc
_cBK
999 _c49311
_d49311